| 000 | 01310nam a22002417a 4500 | ||
|---|---|---|---|
| 003 | UA-OsUOA | ||
| 001 | 136635 | ||
| 007 | ta | ||
| 008 | 20190404b un ||||| |||| 00| 0 ukr d | ||
| 090 | _bJ-12 | ||
| 942 | _cMGN | ||
| 040 |
_aUA-OsUOA _beng _cUA-OsUOA _dUA-OsUOA |
||
| 245 |
_aJournal of Learning and Teaching in Digital Age (JOLTIDA) _cPhD, Mehmet Ocak, Editor-in-Chief, Turkey |
||
| 955 | _a1 | ||
| 041 | _aeng | ||
| 856 | 4 | 0 | _uhttp://joltida.org/index.php/joltida/issue/view/4 |
| 520 | 3 | _aJournal of Learning and Teaching in Dijital Age focuses on research and development of learning and teaching activities supported with digital technologies in K-12, higher education, and business environments. The journal welcomes research and develop | |
| 520 | 3 | _ament studies that aim to improve learning outcomes and teaching practices by integrating digital technologies into learning environments and learning and teaching activities. The types of studies include, but not limited to, experimental studies, need | |
| 520 | 3 | _as assesments, developmental research, usability studies in K-12, higher education, and business training contexts with emphasis on improving learning outcomes and teaching practices for learners and professionals. | |
| 260 | _c2017 | ||
| 246 | 3 | 1 |
_a(JOLTIDA) _n1 |
| 650 | 7 | _2UDC | |
| 999 |
_c410155 _d410155 |
||